| 000 | 00963nam a22002417a 4500 | ||
|---|---|---|---|
| 008 | 260122b |||||||| |||| 00| 0 eng d | ||
| 020 | _a9780323551496 | ||
| 050 |
_aRT41 _b.L49 2020 |
||
| 245 |
_aLewis's medical-surgical nursing : _bassessment and management of clinical problems / _cedited by Mariann M. Harding, Jeffrey Kwong, Debra Hagler, Courtney Reinisch. |
||
| 250 | _a11th edition. | ||
| 260 |
_aSt. Louis, Missouri : _bElsevier, _c2020 |
||
| 300 |
_axxii, 1636 pages : _bcolor illustrations ; _cc28 cm |
||
| 504 | _aIncludes bibliographical references and index. | ||
| 650 |
_aMedical-surgical nursing _vTextbooks. |
||
| 650 |
_aAdult nursing _vTextbooks. |
||
| 650 | _aNursing assessment. | ||
| 650 | _aClinical nursing. | ||
| 700 |
_aHarding, Mariann M., _eeditor. |
||
| 700 |
_aKwong, Jeffrey, _eeditor. |
||
| 700 |
_aHagler, Debra, _eeditor. |
||
| 700 |
_aReinisch, Courtney, _eeditor. |
||
| 942 |
_2lcc _cBOOKS _hRT41 .L49 2020 |
||
| 999 |
_c32351 _d32351 |
||